000
00484nam a2200145Ia 4500
008
100122s9999 xx 000 0 und d
082
_b
40666
_a
301.242
100
_a
ढसाळ नामदेव
245
_a
निगेटिव्ह स्पेस
260
_b
प्रियदर्शी प्रकाशन
_c
1987
300
_a
83
630
_a
निगेटिव्ह स्पेस
730
_a
निगेटिव्ह स्पेस
942
_c
BOOK
999
_c
421506
_d
421503